| 000 | 00671nam a2200205 i 4500 | ||
|---|---|---|---|
| 001 | 24756 | ||
| 003 | ES-MaACL | ||
| 005 | 20251005063032.0 | ||
| 007 | t| | ||
| 008 | 021218s1970 sp ||||1| spa d | ||
| 080 | _a78(465.1)"06/14" | ||
| 100 | 1 |
_aAnglés, Higinio, _d1888-1969 _921747 |
|
| 245 | 1 | 0 |
_aHistoria de la música medieval en Navarra : (Obra póstuma) / _cHiginio Anglés. |
| 260 |
_a[Pamplona] : _bInstitución Príncipe de Viana, _c[1970] |
||
| 300 |
_a462 p., 6 lám. ; _c25 cm. |
||
| 650 | 7 |
_aMúsica- _yS.V-XV _2 _9141161 |
|
| 710 | 2 |
_aInstitución Príncipe de Viana _94730 |
|
| 852 | 4 |
_aES-MaACL _jC-37592 _9R.76309 |
|
| 999 |
_c24756 _d24756 |
||